000 00708nam a2200217 i 4500
001 17698
003 ES-MaACL
005 20230906151638.0
007 t|
008 010504s1998 sp ||||1| spa d
080 _a821.134.2-34"19"
100 1 _aBermejo Marcos, Alvaro.
_928110
245 1 3 _aLa torre de Casandra /
_cAlvaro Bermejo Marcos. Los mayos / Enrique Valdeolivas Borrás.
260 _aSegorbe :
_bFundación Max Aub :
_bFundación Bancaja,
_c[1998]
300 _a34 p. :
_bil. ;
_c24 cm.
700 1 _aValdeolivas Borrás, Enrique.
_9112485
710 2 _aFundación Max Aub.
_94367
710 2 _aFundación Bancaja.
_94225
740 4 _aLos mayos.
852 _aES-MaACL
_j2164-F-2
_bR.128556
999 _c17698
_d17698